|
|
|
|
| LEADER |
00000naa2a2200000 4500 |
| 001 |
386862 |
| 005 |
20231101063526.0 |
| 035 |
|
|
|a (RuTPU)RU\TPU\prd\16034
|
| 090 |
|
|
|a 386862
|
| 100 |
|
|
|a 20030708a2003 k y0rusy50 ca
|
| 101 |
0 |
|
|a rus
|
| 102 |
|
|
|a RU
|
| 200 |
1 |
|
|a Заканчивание горизонтальных добывающих скважин в проекте добычи тяжелой нефти
|f Х. Потма, П. Хустиньяно, С. Оливарес и др.
|g Пер. В. Иванов
|
| 225 |
1 |
|
|a Нефть мира
|
| 320 |
|
|
|a Библиогр.: 13 назв.
|
| 461 |
|
1 |
|0 (RuTPU)RU\TPU\prd\1175
|x 0202-4578
|t Нефтегазовые технологии
|o научно-технический журнал
|f World Oil ; Pipe Line Industry ; Gulf Publishing Company
|d 1994-
|
| 463 |
|
1 |
|0 (RuTPU)RU\TPU\prd\15771
|t № 3
|v С. 31-35
|d 2003
|
| 610 |
1 |
|
|a горизонтальные скважины
|
| 610 |
1 |
|
|a гравийные фильтры
|
| 610 |
1 |
|
|a добыча
|
| 610 |
1 |
|
|a заканчивание
|
| 610 |
1 |
|
|a тяжелые нефти
|
| 701 |
|
1 |
|a Потма
|b Х.
|
| 701 |
|
1 |
|a Хустиньяно
|b П.
|
| 701 |
|
1 |
|a Оливарес
|b С.
|
| 701 |
|
1 |
|a Писарелли
|b С.
|
| 701 |
|
1 |
|a Гонсалес
|b О.
|
| 702 |
|
1 |
|a Иванов
|b В.
|4 730
|
| 801 |
|
1 |
|a RU
|b 63413507
|c 20030708
|g PSBO
|
| 801 |
|
2 |
|a RU
|b 63413507
|c 20150317
|g RCR
|
| 942 |
|
|
|c BK
|